000 00825cam a22002893a 4500
001 1170
003 PGUSA
005 20140828082957.0
008 980101s1998||||xxu|||||s|||||000 | eng d
040 _aPGUSA
_beng
042 _adc
050 4 _aPA
050 4 _aDF
100 1 _aXenophon,
_d-431--355
245 1 0 _aAnabasis
_h[electronic resource] /
_cXenophon
260 _bProject Gutenberg,
_c1998
506 _aPublic domain in the USA.
516 _aElectronic text
653 _aCyrus, the Younger, d. 401 B.C.
653 _aClassical literature
653 _aIran -- History -- To 640
653 _aGreece -- History -- Expedition of Cyrus, 401 B.C.
700 1 _aDakyns, Henry Graham,
_d1838-1911
830 0 _aProject Gutenberg
_v1170
856 4 0 _uhttp://www.gutenberg.org/ebooks/1170
942 _cEB
999 _c230518
_d230518